dark type pokémon - Statistics

General Stats
  • This quiz has been taken 8 times
  • The average score is 64 of 82
Answer Stats
Answer % Correct
darkrai
100%
gyarados
100%
meowth
100%
moltres
100%
raticate
100%
absol
86%
carvanha
86%
grimer
86%
hoopa
86%
houndoom
86%
houndour
86%
linoone
86%
muk
86%
murkrow
86%
nuzleaf
86%
obstagoon
86%
pangoro
86%
persian
86%
qwilfish
86%
rattata
86%
sableye
86%
sharpedo
86%
shiftry
86%
sneasel
86%
tyranitar
86%
umbreon
86%
urshifu
86%
zigzagoon
86%
zoroark
86%
zorua
86%
bisharp
71%
bombirdier
71%
brute bonnet
71%
cacturne
71%
chien-pao
71%
chi-yu
71%
crawdaunt
71%
deino
71%
drapion
71%
greninja
71%
grimmsnarl
71%
guzzlord
71%
honchkrow
71%
hydreigon
71%
impidimp
71%
incineroar
71%
inkay
71%
iron jugulis
71%
kingambit
71%
krokorok
71%
krookodile
71%
liepard
71%
lokix
71%
mabosstiff
71%
malamar
71%
mandibuzz
71%
maschiff
71%
meowscarada
71%
mightyena
71%
morgrem
71%
morpeko
71%
nickit
71%
overqwil
71%
pawniard
71%
poochyena
71%
purrloin
71%
roaring moon
71%
samurott
71%
sandile
71%
scrafty
71%
scraggy
71%
skuntank
71%
spiritomb
71%
stunky
71%
thievul
71%
ting-lu
71%
vullaby
71%
weavile
71%
wo-chien
71%
yveltal
71%
zarude
71%
zweilous
71%
No matching quizzes found
Score Distribution
Percent of People with Each Score
Percentile by Number Answered
Your Score History
You have not taken this quiz